000 00896nam a2200217Ii 4500
003 JO-AjNU
008 230605s9999||||xx |||||||||||||| ||und||
040 _aJO-AjNU
_bara
_erda
_cJO-AjNU
041 _aara
050 1 4 _aHC60.5.1982
100 3 _aجفال، مصطفى/عبدالهادي يموت/حسن الضيقة/هادي حسن/انطوان حداد/توفيق بيضون,
_eauthor
_938669
245 0 0 _aحوار الشمال والجنوب وجهة نظر عربية
250 _aط1
264 3 1 _aبيروت:معهد الانماء العربي،1982
300 _a279ص
336 _atext
_btxt
_2rdacontent
337 _aunmediated
_bn
_2rdamedia
338 _avolume
_bnc
_2rdacarrier
490 0 _aبرنامج الدراسات الإستراتيجية، الدراسات السياسية الإستراتيجية 
650 4 _aعلاقات إقتصادية دولية
_938670
999 _aA16266
_c19834
_d19834